000 00245nam a2200097Ia 4500
008 170619s9999 xx 000 0 und d
100 _aElliott- David J.
245 0 _aIntegrated circuit fabrication technology
260 _bMc Graw Hill
260 _c1989
546 _aENGLISH
999 _c17647
_d17647